La Suspensión del acto administrativo : (en vía de recurso) / Jaime Rodríguez-Arana Muñoz (en vía de recurso) / Jaime Rodríguez-Arana Muñoz
ISBN:
84-7111-232-9
Descripción Física:
373 p. ; 24 cm
MARC
| LEADER | 00000nam a2200000Ia 4500 | ||
|---|---|---|---|
| 001 | 18378 | ||
| 008 | 160829s1986 xx 000 0 cat d | ||
| 020 | |a 84-7111-232-9 | ||
| 080 | |a M-5-318 | ||
| 100 | 1 | |a Rodríguez-Arana Muñoz, Xaime |9 23523 | |
| 245 | |a La Suspensión del acto administrativo : |b (en vía de recurso) / Jaime Rodríguez-Arana Muñoz | ||
| 260 | |a Madrid : |b Montecorvo, |c 1986 | ||
| 300 | |a 373 p. ; |c 24 cm | ||
| 590 | |a Bibliografia | ||
| 650 | 0 | |a Actes administratius |z Espanya |9 10659 | |
| 650 | 0 | |a Recursos administratius |x Espanya |9 45305 | |
| 650 | 0 | |a Procediment administratiu |z Espanya |9 19587 | |
| 901 | |a Arxiu | ||
| 942 | |n 1 | ||
| 952 | |0 0 |1 0 |4 0 |6 M5318 |7 1 |9 42739 |a Arxiu |b Arxiu |d 2016-12-01 |l 0 |o M-5-318 |p 18378 |r 2016-12-01 00:00:00 |w 2016-12-01 |y ARXIU | ||
| 999 | |c 45245 |d 45245 | ||